Importing from Malaysia : a buyer's manual for selecting suppliers,negotiating orders and arranging methods of payment for more profitable purchasing.

Bibliographic Details
Format: Book
Published: Hong Kong, 1990.
Subjects:
LEADER 00528cam a2200157 7i4500
001 0000005309
005 19991025090000.0
002 ##000006935
020 0 0 |a 962-7138-13-4  
090 0 0 |a M 382.5   |b IMP 
245 0 0 |a Importing from Malaysia :   |b a buyer's manual for selecting suppliers,negotiating orders and arranging methods of payment for more profitable purchasing. 
260 0 0 |a Hong Kong,   |c 1990. 
300 0 0 |a 219p. 
650 0 0 |a Imports --   |z Malaysia  
651 0 0 |a Malaysia  
999 |a 0000004333  |b Book  |c Open shelf  |e Business Information Centre